00354 a2200121 450000500170000002000220001708200150003910000190005424500360007326000480010930000440015770000310020120250819072158.0 a978-1-265-08758-6 a658.15 BRE aBREALEY, R. A. aPrinciples of Corporate Finance aUnited States of AmericabMcGraw Hillc2025 axxx, 1156p.: illbGlossary, Indexc25cm aStewart C. Myers...{et al}